Statistics for All Formula One Grand Prix Winners

Click here to take the quiz!

General Stats

  • This quiz has been taken 92 times
    (8 since last reset)
  • The average score is 46 of 114

Answer Stats

Race WinsNationalityLast WinDriver% Correct
59Dutch2024Max Verstappen
100%
51French1993Alain Prost
88%
41Brazilian1993Ayrton Senna
88%
22British1998Damon Hill
88%
32Spanish2013Fernando Alonso
88%
21Finnish2018Kimi Räikkönen
88%
91German2006Michael Schumacher
88%
11Canadian1997Jacques Villeneuve
75%
15British2012Jenson Button
75%
24Argentine1957Juan Manuel Fangio
75%
5Finnish1985Keke Rosberg
75%
103British2021Lewis Hamilton
75%
20Finnish2000Mika Häkkinen
75%
23Brazilian1991Nelson Piquet
75%
23German2016Nico Rosberg
75%
31British1994Nigel Mansell
75%
53German2019Sebastian Vettel
75%
13British2003David Coulthard
63%
11Brazilian2008Felipe Massa
63%
10Austrian1997Gerhard Berger
63%
3Italian2006Giancarlo Fisichella
63%
14British1969Graham Hill
63%
27British1973Jackie Stewart
63%
10British1977James Hunt
63%
1German1975Jochen Mass
63%
25Austrian1985Niki Lauda
63%
6German2003Ralf Schumacher
63%
11Brazilian2009Rubens Barrichello
63%
3Spanish2024Carlos Sainz Jr.
50%
6Monégasque2024Charles Leclerc
50%
8Australian2021Daniel Ricciardo
50%
14Brazilian1975Emerson Fittipaldi
50%
6Canadian1981Gilles Villeneuve
50%
1Italian2004Jarno Trulli
50%
1French1995Jean Alesi
50%
25British1968Jim Clark
50%
6Austrian1970Jochen Rindt
50%
7Colombian2005Juan Pablo Montoya
50%
1British2024Lando Norris
50%
9Australian2012Mark Webber
50%
1French2020Pierre Gasly
50%
6Italian1992Ricardo Patrese
50%
1Polish2008Robert Kubica
50%
10Finnish2021Valtteri Bottas
50%
12Australian1981Alan Jones
38%
13Italian1953Alberto Ascari
38%
12Argentine1981Carlos Reutemann
38%
4British1999Eddie Irvine
38%
1French2021Esteban Ocon
38%
1British2022George Russell
38%
1Finnish2008Heikki Kovalainen
38%
3German1999Heinz-Harald Frentzen
38%
14Australian1970Jack Brabham
38%
8Belgian1972Jacky Ickx
38%
3British1999Johnny Herbert
38%
6British1967John Surtees
38%
5British1983John Watson
38%
12American1978Mario Andretti
38%
1French1996Olivier Panis
38%
1Venezuelan2012Pastor Maldonado
38%
2Mexican1970Pedro Rodríguez
38%
7French1983René Arnoux
38%
10Swedish1978Ronnie Peterson
38%
6Mexican2023Sergio Pérez
38%
16British1961Stirling Moss
38%
3Belgian1990Thierry Boutsen
38%
4New Zealander1968Bruce McLaren
25%
5Swiss1979Clay Regazzoni
25%
4American1967Dan Gurney
25%
8New Zealander1974Denny Hulme
25%
3French1982Didier Pironi
25%
2Italian1985Elio de Angelis
25%
5Italian1953Giuseppe Farina
25%
1Swedish1977Gunnar Nilsson
25%
6French1981Jacques Laffite
25%
2French1980Jean-Pierre Jabouille
25%
1Swedish1959Joakim Bonnier
25%
10South African1979Jody Scheckter
25%
1Brazilian1975José Carlos Pace
25%
2Argentine1954José Froilán González
25%
2Swiss1973Jo Siffert
25%
1Italian1964Lorenzo Bandini
25%
1Italian1951Luigi Fagioli
25%
1Italian1956Luigi Musso
25%
2French1958Maurice Trintignant
25%
5Italian1985Michele Alboreto
25%
3British1958Peter Collins
25%
3American1961Phil Hill
25%
6British1959Tony Brooks
25%
2West German1961Wolfgang von Trips
25%
1Italian1989Alessandro Nannini
13%
2American1954Bill Vukovich
13%
1American1955Bob Sweikert
13%
1French1971François Cevert
13%
1Italian1961Giancarlo Baghetti
13%
1British1961Innes Ireland
13%
1French1972Jean-Pierre Beltoise
13%
1American1958Jimmy Bryan
13%
1American1960Jim Rathmann
13%
1American1950Johnnie Parsons
13%
1American1951Lee Wallard
13%
1Italian1966Ludovico Scarfiotti
13%
3British1958Mike Hawthorne
13%
1American1956Pat Flaherty
13%
2French1979Patrick Depailler
13%
2French1983Patrick Tambay
13%
1British1971Peter Gethin
13%
2American1971Peter Revson
13%
1Italian1952Piero Taruffi
13%
1American1965Richie Ginther
13%
1American1959Rodger Ward
13%
1American1957Sam Hanks
13%
1American1952Troy Ruttman
13%
1Italian1975Vittorio Brambilla
13%

Score Distribution

Percentile by Number Answered

Percent of People with Each Score

Your Score History

You have not taken this quiz since the last reset